000 01099nam a2200217Ia 4500
003 OSt
005 20210426144049.0
008 210310s2011 ck grl 000 0 spa d
020 _a9789583508332
040 _aCO-JMCR
_cCO-JMCR
041 0 _aspa
082 0 4 _a341 /
_bM753d
_223
100 1 _aMonroy Cabra, Marco Gerardo,
_eautor
_925894
245 1 0 _aDerecho internacional público /
_cMarco Gerardo Monroy Cabra
260 _aBogotá :
_bTemis,
_c2011.
300 _axxxiii, 812 páginas ;
_c24 cm.
505 _aNociones fundamentales de derecho internacional. -- Fuentes del derecho internacional. -- Sujetos del derecho internacional. -- La comunidad internacional y sus miembros. -- Responsabilidad del estado. Protección diplomática y arreglo pacífico de controversias internacionales. -- El derecho internacional de los conflictos armados y la protección internacional de los derechos humanos. -- Acuerdos de integración económica. Litigio Colombo-Venezolano.
650 1 4 _aDerecho internacionales
_937157
650 2 4 _aRelaciones internacionales
_937158
942 _2ddc
_cBK
999 _c11577
_d11577